日本のPA・SAクイズ - Statistics

General Stats
  • This quiz has been taken 165 times
  • The average score is 73 of 532
Answer Stats
Answer % Correct
海老名SA
63%
海ほたるPA
40%
静岡SA
40%
佐野SA
39%
足柄SA
39%
草津PA
38%
大津SA
38%
浜名湖SA
37%
吹田SA
37%
談合坂SA
36%
駿河湾沼津SA
36%
羽生PA
35%
蓮田SA
35%
浜松SA
35%
関SA
35%
多賀SA
34%
淡路SA
34%
岡崎SA
33%
清水PA
30%
高坂PA
30%
那須高原SA
30%
高坂SA
30%
泉PA
29%
三芳PA
29%
港北PA
29%
日本平PA
29%
鈴鹿PA
29%
諏訪湖SA
29%
刈谷PA
28%
国見SA
28%
富士川SA
28%
土山SA
28%
掛川PA
27%
養老SA
27%
桂川PA
26%
大黒PA
26%
砂川SA
26%
豊橋PA
25%
上河内SA
25%
守谷SA
25%
恵那峡SA
25%
石川PA
24%
由比PA
24%
日本坂PA
24%
新城PA
24%
尾張一宮PA
24%
羽島PA
24%
湖東三山PA
24%
黒丸PA
24%
有珠山SA
24%
上里SA
24%
牧之原SA
24%
豊田上郷SA
24%
ひるがの高原SA
24%
西宮名塩SA
24%
遠州森町PA
23%
坂PA
23%
市川PA
23%
岩見沢SA
23%
安達太良SA
23%
賤ヶ岳SA
23%
横川SA
23%
御在所SA
23%
福山SA
23%
市川SA
23%
輪厚PA
22%
大谷PA
22%
蔵王PA
22%
山形PA
22%
厚木PA
22%
藤枝PA
22%
伊吹PA
22%
菩提寺PA
22%
友部SA
22%
赤城PA
21%
幕張PA
21%
中井PA
21%
守山PA
21%
大井PA
21%
双葉SA
21%
宝塚北SA
21%
三木SA
21%
伊賀SA
21%
黒磯PA
20%
美合PA
20%
東郷PA
20%
湾岸長島PA
20%
岸和田SA
20%
宮島SA
20%
都賀西方PA
19%
阿武隈PA
19%
安積PA
19%
小坂PA
19%
神田PA
19%
杉津PA
19%
谷川岳PA
19%
藤野PA
19%
愛鷹PA
19%
長篠設楽原PA
19%
亀山PA
19%
めかりPA
19%
長者原SA
19%
津軽SA
19%
南条SA
19%
赤城高原SA
19%
八雲PA
18%
鮎沢PA
18%
川島PA
18%
用賀PA
18%
豊栄SA
18%
本輪西展望所
17%
鏡石PA
17%
福島松川PA
17%
菅生PA
17%
花巻PA
17%
矢巾PA
17%
新潟PA
17%
刀根PA
17%
高岡PA
17%
寄居PA
17%
土樽PA
17%
大和PA
17%
大栄PA
17%
狭山PA
17%
中央道原PA
17%
駒門PA
17%
遠州豊田PA
17%
三方原PA
17%
甲南PA
17%
瀬戸PA
17%
大山PA
17%
明石PA
17%
箱崎PA
17%
川口PA
17%
樽前SA
17%
岩手山SA
17%
寒河江SA
17%
小矢部川SA
17%
有磯海SA
17%
名立谷浜SA
17%
米山SA
17%
越後川口SA
17%
駒ヶ岳SA
17%
城端SA
17%
紀ノ川SA
17%
加西SA
17%
吉備SA
17%
吉野川SA
17%
姫路SA
17%
茶志内PA
16%
矢板北PA
16%
北鯖江PA
16%
嵐山PA
16%
小笠PA
16%
赤塚PA
16%
茨木千提寺PA
16%
えびのPA
16%
緑PA
16%
代々木PA
16%
南池袋PA
16%
紫波SA
16%
花輪SA
16%
尼御前SA
16%
市原SA
16%
長良川SA
16%
美濃加茂SA
16%
香芝SA
16%
安佐SA
16%
龍野西SA
16%
蒜山高原SA
16%
明石SA
16%
金山PA
15%
占冠PA
15%
吾妻PA
15%
三本木PA
15%
滝沢PA
15%
阿闍羅PA
15%
高舘PA
15%
甘楽PA
15%
ならはPA
15%
酒々井PA
15%
菖蒲PA
15%
初狩PA
15%
ぎふ大和PA
15%
嬉野PA
15%
天理PA
15%
東大阪PA
15%
二宮PA
15%
白鳥PA
15%
壇之浦PA
15%
八潮PA
15%
白川PA
15%
十勝平原SA
15%
磐梯山SA
15%
東部湯の丸SA
15%
梓川SA
15%
中郷SA
15%
安濃SA
15%
美東SA
15%
下松SA
15%
石鎚山SA
15%
南国SA
15%
霧島SA
15%
志波姫PA
14%
前森山PA
14%
畑PA
14%
田山PA
14%
二戸PA
14%
上川PA
14%
女形谷PA
14%
呉羽PA
14%
藤岡PA
14%
戸塚PA
14%
辰野PA
14%
阿智PA
14%
多気PA
14%
小田原PA
14%
八幡PA
14%
基山PA
14%
京丹波PA
14%
京田辺PA
14%
阿賀野川SA
14%
姨捨SA
14%
吉和SA
14%
宍道湖SA
14%
津田の松原SA
14%
豊浜SA
14%
野幌PA
13%
音江PA
13%
比布大雪PA
13%
キウスPA
13%
金成PA
13%
中尊寺PA
13%
北上金ヶ崎PA
13%
湯瀬PA
13%
山形蔵王PA
13%
徳光PA
13%
駒寄PA
13%
谷田部東PA
13%
東海PA
13%
湾岸幕張PA
13%
京葉市川PA
13%
釈迦堂PA
13%
八ヶ岳PA
13%
神坂PA
13%
屏風山PA
13%
瓢ヶ岳PA
13%
平塚PA
13%
三方五湖PA
13%
淡河PA
13%
吉志PA
13%
直方PA
13%
中城PA
13%
辰巳第一PA
13%
辰巳第二PA
13%
前沢SA
13%
塩沢石打SA
13%
勝央SA
13%
大佐SA
13%
小谷SA
13%
古賀SA
13%
桜島SA
13%
来島海峡SA
13%
豊浦噴火湾PA
12%
三春PA
12%
不動寺PA
12%
流杉PA
12%
入善PA
12%
越中境PA
12%
黒埼PA
12%
佐久平PA
12%
みどり湖PA
12%
千代田PA
12%
横須賀PA
12%
松ノ木峠PA
12%
八尾PA
12%
六人部PA
12%
綾部PA
12%
舞鶴PA
12%
福石PA
12%
上野PA
12%
南丹PA
12%
淡路島南PA
12%
平和島PA
12%
永福PA
12%
加平PA
12%
尼崎PA
12%
京橋PA
12%
泉大津PA
12%
福岡PA
12%
錦秋湖SA
12%
妙高SA
12%
印南SA
12%
佐波川SA
12%
北熊本SA
12%
別府湾SA
12%
静狩PA
11%
富浦PA
11%
萩野PA
11%
鶴巣PA
11%
古関PA
11%
五百川PA
11%
大潟PA
11%
刈羽PA
11%
新倉PA
11%
堀之内PA
11%
君津PA
11%
佐原PA
11%
都筑PA
11%
内津峠PA
11%
谷村PA
11%
大山田PA
11%
五斗蒔PA
11%
真庭PA
11%
帝釈峡PA
11%
権現湖PA
11%
沼田PA
11%
富海PA
11%
総社PA
11%
須恵PA
11%
垂水PA
11%
与島PA
11%
阿武隈高原SA
11%
西紀SA
11%
高梁SA
11%
はわいSA
11%
伊予灘SA
11%
広川SA
11%
金立SA
11%
美沢PA
10%
長流枝PA
10%
五泉PA
10%
安宅PA
10%
蓮台寺PA
10%
大積PA
10%
栄PA
10%
小布施PA
10%
日立中央PA
10%
四倉PA
10%
鳥の海PA
10%
古城山PA
10%
大磯PA
10%
赤松PA
10%
社PA
10%
美作追分PA
10%
湯田温泉PA
10%
王司PA
10%
阿波PA
10%
入野PA
10%
桜三里PA
10%
土佐PA
10%
大師PA
10%
春日PA
10%
別所PA
10%
西仙北SA
10%
南相馬鹿島SA
10%
七塚原SA
10%
鹿野SA
10%
上板SA
10%
山江SA
10%
高峰SA
10%
由仁PA
9%
福地PA
9%
山内PA
9%
差塩PA
9%
西会津PA
9%
南陽PA
9%
下牧PA
9%
美野里PA
9%
田野PA
9%
関本PA
9%
太田強戸PA
9%
壬生PA
9%
笠間PA
9%
高滝湖PA
9%
保土ヶ谷PA
9%
座光寺PA
9%
虎渓山PA
9%
増穂PA
9%
鞍ヶ池PA
9%
岐阜三輪PA
9%
西湘PA
9%
揖保川PA
9%
上月PA
9%
本郷PA
9%
篠坂PA
9%
府中湖PA
9%
高瀬PA
9%
玉名PA
9%
上毛PA
9%
宮崎PA
9%
室津PA
9%
駒形PA
9%
芝浦PA
9%
中島PA
9%
弁天町ミニPA
9%
御所南PA
9%
折爪SA
9%
宮原SA
9%
山田SA
9%
高松SA
9%
大森PA
8%
太平山PA
8%
櫛引PA
8%
千曲川さかきPA
8%
新井PA
8%
筑北PA
8%
富楽里PA
8%
坂東PA
8%
江戸崎PA
8%
境川PA
8%
小黒川PA
8%
飛驒河合PA
8%
飛驒白川PA
8%
せと赤津PA
8%
吉備湯浅PA
8%
安富PA
8%
楢原PA
8%
江の川PA
8%
深谷PA
8%
荷卸峠PA
8%
伊佐PA
8%
道口PA
8%
玖珂PA
8%
松茂PA
8%
鞍手PA
8%
緑川PA
8%
坂本PA
8%
大刀洗PA
8%
由良川PA
8%
名谷PA
8%
瀬戸田PA
8%
森小路ミニPA
8%
湊町PA
8%
朝潮橋PA
8%
能越県境PA
8%
かつらぎ西PA
8%
志雄PA
8%
玖珠SA
8%
朝来SA
8%
上浦幌PA
7%
新鶴PA
7%
荒川PA
7%
山谷PA
7%
加斗PA
7%
神郷PA
7%
筒賀PA
7%
内子PA
7%
立川PA
7%
小城PA
7%
大村湾PA
7%
今川PA
7%
国分PA
7%
上浦PA
7%
志村PA
7%
秩父別PA
7%
矢本PA
7%
豊富PA
7%
西山PA
7%
八郎湖SA
7%
伊芸SA
7%
釈迦内PA
6%
西目PA
6%
松代PA
6%
黒姫野尻湖PA
6%
湯ノ岳PA
6%
出流原PA
6%
紀北PA
6%
上荒川PA
6%
本村PA
6%
朝倉PA
6%
奥屋PA
6%
周防灘PA
6%
久地PA
6%
琴浦PA
6%
池田PA
6%
上分PA
6%
鳴門西PA
6%
馬立PA
6%
山川PA
6%
吉松PA
6%
溝辺PA
6%
山浦PA
6%
木場PA
6%
由布岳PA
6%
大分松岡PA
6%
川南PA
6%
美山PA
6%
大浜PA
6%
福原PA
6%
氷上PA
6%
日光口PA
6%
和田山PA
6%
山之口SA
6%
鴻ノ池SA
6%
月山湖PA
5%
波志江PA
5%
野呂PA
5%
奥伊勢PA
5%
寒曳山PA
5%
金城PA
5%
託麻PA
5%
清武PA
5%
今村PA
5%
水分PA
5%
佐伯弥生PA
5%
高石PA
5%
前開PA
5%
温品PA
5%
用瀬PA
5%
白滝PA
5%
津軽石PA
5%
川登SA
5%
別所岳SA
5%
加茂岩倉PA
4%
日向高崎PA
4%
多久西PA
4%
井上PA
4%
粒江PA
4%
泉大津大型専用PA
4%
船河原PA
4%
山東PA
4%
今津PA
4%
佐方SA
4%
萩尾PA
3%
南芦屋浜PA
3%
富野PA
3%
山路PA
3%
本吉PA
3%
浪板PA
3%
天龍峡PA
3%
No matching quizzes found
Score Distribution
Percent of People with Each Score
Percentile by Number Answered
Your Score History
You have not taken this quiz